Дело по переписке с разными местами и лицами, не требующей дальнейшего производства

Доступно только в Электронных читальных залах Найти на картеНа карте
RUSMARC
00004058nmc2a22002533x 450
001e7972ab6-10bb-4e51-85b4-a7d00b42570f
00520210806041511.0
100##$a20210316l19001901k l0rusy0189 ca
1010#$arus
102##$aRU
105##$ay###
1222#$ad
2001#$aДело по переписке с разными местами и лицами, не требующей дальнейшего производства
$j24 июля 1900 г. - 1 июня 1901 г.
$hЧасть 2
215##$a197 л.
$d36,5х26 см
251##$cДело
300##$aЧасть секретаря
300##$aЗаметки министра земледелия и государственных имуществ по поездке в 1900 году по Воронежской, Тамбовской, Харьковской, Черноморской и Кутаисской губерниям и Донской области (л. 150), список чинов отдела земельных улучшений (л. 141)
371##$aДокумент не является опубликованным и широко распространяемым
461#0$1001a7887cdd-df6b-4ad0-b092-e57381a4f175
$12001
$aДело о высочайших наградах по отделу земельных улучшений [(переписка и списки лиц, представленных к наградам)]
$1251
$cДело
$1852
$j151
462#0$1001830e5ace-1ed3-42b5-9566-e16698c44b71
$12001
$aОтдел земельных улучшений Министерства земледелия
$1251
$cОпись
$1852
$j4
801#0$aRU
$bРГИА
$c20210316
$gRCR
801#1$aRU
$bГлавНИВЦ
$c20210316
$2rusmarc
801#2$aRU
$bПБ им. Б.Н. Ельцина
$c20210806
$gRCR
$2rusmarc
850##$aРГИА
852##$aРГИА
$eФедеральное казенное учреждение "Российский государственный исторический архив" (РГИА)
$j55
937##$hРГИА
$d12362034
$aASBIBLIO_SCAN
035##$aRusGRCC00024158
856##$uhttp://readingroom.main.prlib.ru/item.aspx?id_node=n167072680&mode=full
Формат отображения